000 01025nam a2200265Ia 4500
001 395026
003 EC-QuCCB
005 20260310094203.0
008 130917s9999 xx 000 0 und d
040 _aEC-QuCCB
082 _a862
_bT2539
100 1 _aRodríguez Castelo, Hernán,
_d1933-2017
_910241
245 1 0 _aTeatro ecuatoriano : Paralelogramo; Velorio del Albañil; La furiosa manzanera
_cIntroducción de Hernán Rodríguez Castelo
260 _aGuayaquil, Ecuador :
_bEditado por Publicaciones Educativas \ Ariel \
300 _a176 páginas, [ v. 2 ]
490 1 _aClásicos Ariel
_vn. 36
505 0 _aContiene : Paralelogramo por Gonzalo Escudero, Velorio del Albañil - La furiosa manzanera por Augusto Sacoto Arias,
650 4 _aPoesía ecuatoriana
_915035
650 4 _aTeatro ecuatoriano
_915964
650 4 _aLiteratura ecuatoriana
_913880
700 1 _aI. Rodríguez Castelo, Hernán
700 1 _aII. Escudero Moscoso, Gonzalo
700 1 _aIII. Sacoto Arias, Augusto
942 _2loc
_cMON
999 _c53730
_d53730